[Event "AUTO-ELITE-214"]
[Site "http://www.queenalice.com/game.php?id=461220"]
[Date "2008.9.10"]
[Round "1"]
[White "chessprm"]
[Black "jlgonzalvez"]
[Result "0-1"]
[WhiteElo "2310"]
[BlackElo "2344"]

1. d4 Nf6 2. c4 g6 3. Nc3 Bg7 4. e4 d6 5. Nf3 O-O 6. Be2 e5 7. d5 a5 8. Bg5 Na6
9. Nd2 Nc5 10. O-O Bd7 11. b3 h6 12. Bh4 Nfxe4 13. Bxd8 Nxc3 14. Qe1 Rfxd8 15.
Nb1 Nxe2+ 16. Qxe2 e4 17. Nd2 Re8 18. Rad1 f5 19. Qe3 b5 20. Rb1 b4 21. f3 f4
22. Qxf4 Bd4+ 23. Kh1 g5 24. Qg3 e3 25. f4 exd2 26. fxg5 Ne4 27. Qf3 Nxg5 28.
Qd3 Bc3 29. Qg6+ Kh8 30. Qxh6+ Nh7 31. Qh4 Re5 32. Rbd1 Rae8 33. Rg1 Re1 34.
Rxd2 Bxd2 35. Qd4+ Kg8 36. Qxd2 R1e2 37. Qd3 R8e7 38. c5 Ng5 39. Rf1 R2e3 40.
Qg6+ Rg7 41. Qf6 Nf7 42. c6 Bc8 43. Qf2 Re7 44. h3 Ba6 45. Rd1 Ne5 46. Qa7 Bd3
47. Rd2 Be4 48. Re2 Bxd5 49. Qa8+ Kh7 50. Qxa5 Bxc6 51. Qxb4 Ref7 52. Kg1 Rf5
53. Qh4+ Kg8 54. Qb4 Nf3+ 55. Kh1 Rfg5 56. Qc4+ Bd5 57. Qa4 Kh7 58. Qf4 Ne5 59.
Kg1 Rxg2+ 60. Rxg2 Rxg2+ 61. Kf1 Rxa2 62. Qf5+ Kh6 63. Qf6+ Kh5 64. Qf5+ Kh4 65.
Qh7+ Kg3 66. Qg7+ Kh2 67. Qg1+ Kxh3 68. Qe3+ Bf3 69. Qc3 Kh2 70. Ke1 Kg2 71.
Qd2+ Rxd2 72. Kxd2 c5 73. Kc3 Kf2 74. Kd2 Bd5 75. Kc3 Nc6 76. Kc2 Ke2 77. Kc3
Ke3 78. Kc2 Kd4 79. Kb2 Kd3 80. Ka3 Kc3 81. Ka4 Kb2 0-1

[Event "AUTO-ELITE-214"]
[Site "http://www.queenalice.com/game.php?id=461221"]
[Date "2008.9.10"]
[Round "1"]
[White "jlgonzalvez"]
[Black "chessprm"]
[Result "1-0"]
[WhiteElo "2325"]
[BlackElo "2315"]

1. e4 e5 2. Nf3 Nc6 3. Bb5 a6 4. Ba4 Nf6 5. Qe2 b5 6. Bb3 Bc5 7. d3 h6 8. Be3
Qe7 9. O-O Bxe3 10. fxe3 Na5 11. Qe1 Nxb3 12. axb3 d6 13. Nc3 c6 14. b4 O-O 15.
Qg3 Re8 16. Nh4 d5 17. Nf5 Bxf5 18. Rxf5 dxe4 19. Raf1 Kh8 20. Rxf6 gxf6 21. Qh4
Qf8 22. Rxf6 Re6 23. Nxe4 a5 24. bxa5 Rxa5 25. h3 Ra1+ 26. Kh2 Rc1 27. Qf2 Qg7
28. Rf3 Rg6 29. h4 Ra1 30. h5 Rg4 31. Rf6 c5 32. Rc6 Ra8 33. g3 c4 34. Rc7 Rd8
35. Qf5 Rf8 36. Kh3 Rg8 37. Qf3 b4 38. b3 c3 39. Rb7 Rxe4 40. dxe4 Rf8 41. Rxb4
f6 42. Rb6 Qd7+ 43. g4 Kg7 44. Qf5 Qxf5 45. exf5 Rf7 46. Rc6 Rd7 47. Rxc3 Ra7
48. b4 Kf7 49. b5 Rb7 50. Rc5 Kf8 51. Rc8+ Kf7 52. c4 Ke7 53. Rc6 1-0

[Event "AUTO-ELITE-214"]
[Site "http://www.queenalice.com/game.php?id=461229"]
[Date "2008.9.10"]
[Round "1"]
[White "serse"]
[Black "jlgonzalvez"]
[Result "1-0"]
[WhiteElo "2429"]
[BlackElo "2307"]

1. e4 c6 2. d4 d5 3. Nc3 dxe4 4. Nxe4 Nd7 5. Nf3 Ngf6 6. Ng3 e6 7. Bd3 c5 8. O-O
Be7 9. Qe2 O-O 10. Rd1 Qc7 11. c4 cxd4 12. Nxd4 a6 13. a3 Re8 14. Bc2 b6 15. Ba4
h6 16. b4 Bd6 17. Ra2 Bb7 18. Rc2 Rac8 19. Qe1 Kh8 20. c5 bxc5 21. bxc5 Bxc5 22.
Nb3 Bc6 23. Rxc5 Nxc5 24. Nxc5 Bxa4 25. Nxa4 Qc2 26. Nb2 Red8 27. Ne2 Qb3 28. a4
Rd5 29. Rxd5 Nxd5 30. Qd1 Qxd1+ 31. Nxd1 Rc2 32. Kf1 1-0

[Event "Challenge"]
[Site "http://www.queenalice.com/game.php?id=467666"]
[Date "2008.9.24"]
[Round "-"]
[White "patoche"]
[Black "jlgonzalvez"]
[Result "1-0"]
[WhiteElo "2497"]
[BlackElo "2303"]

1. d4 Nf6 2. c4 g6 3. Nc3 Bg7 4. e4 d6 5. Nf3 O-O 6. Be2 e5 7. O-O Na6 8. dxe5
dxe5 9. Qa4 Nc5 10. Qc2 Ne6 11. Rd1 Nd4 12. Nxd4 exd4 13. Bg5 Re8 14. c5 h6 15.
Bh4 g5 16. Bg3 c6 17. e5 Ng4 18. Ne4 1-0

[Event "Challenge"]
[Site "http://www.queenalice.com/game.php?id=467667"]
[Date "2008.9.24"]
[Round "-"]
[White "jlgonzalvez"]
[Black "patoche"]
[Result "0-1"]
[WhiteElo "2310"]
[BlackElo "2481"]

1. e4 Nc6 2. Nf3 e5 3. Bb5 a6 4. Ba4 Nf6 5. Qe2 b5 6. Bb3 Be7 7. O-O d6 8. c3
O-O 9. Rd1 Na5 10. Bc2 c5 11. d4 Qc7 12. d5 Ne8 13. b4 Nc4 14. a4 Rb8 15. axb5
axb5 16. Bd3 f5 17. Bxc4 bxc4 0-1

[Event "Challenge"]
[Site "http://www.queenalice.com/game.php?id=470872"]
[Date "2008.9.30"]
[Round "-"]
[White "Nelson"]
[Black "jlgonzalvez"]
[Result "1/2-1/2"]
[WhiteElo "2329"]
[BlackElo "2306"]

1. e4 c6 2. d4 d5 3. Nc3 dxe4 4. Nxe4 Nd7 5. Nf3 Ngf6 6. Nxf6+ Nxf6 7. c3 Bg4 8.
h3 Bxf3 9. Qxf3 Qd5 10. Be2 e6 11. Qg3 O-O-O 12. Bf4 h5 13. O-O Bd6 14. Bxd6 h4
15. Qf3 Qxf3 16. Bxf3 Rxd6 17. Rfe1 Nd5 18. Re5 Kd7 19. Rg5 g6 20. Re5 1/2-1/2

[Event "Challenge"]
[Site "http://www.queenalice.com/game.php?id=470873"]
[Date "2008.9.30"]
[Round "-"]
[White "jlgonzalvez"]
[Black "Nelson"]
[Result "1-0"]
[WhiteElo "2299"]
[BlackElo "2302"]

1. e4 e5 2. Nf3 Nc6 3. Bb5 a6 4. Ba4 Nf6 5. Qe2 Bc5 6. d3 b5 7. Bb3 d6 8. c3 O-O
9. Bg5 h6 10. Bh4 Na5 11. Bc2 Ba7 12. Nbd2 g5 13. Nxg5 hxg5 14. Bxg5 Be6 15. Qf3
Kg7 16. h4 b4 17. h5 Rb8 18. Bd1 bxc3 19. bxc3 Rb2 20. h6+ Kg6 21. h7 Kxg5 22.
Qg3+ Ng4 23. Bxg4 Kf6 24. Rh6+ Ke7 25. Bxe6 Bxf2+ 26. Qxf2 fxe6 27. Qh4+ Kd7 28.
Qxd8+ Rxd8 29. h8=Q Rxh8 30. Rxh8 Rc2 31. c4 Nc6 32. g4 Nb4 33. g5 Nxd3+ 34. Kd1
Rb2 35. g6 Nf2+ 36. Ke1 1-0

[Event "Cto Spain QAlice"]
[Site "http://www.queenalice.com/game.php?id=529439"]
[Date "2009.1.25"]
[Round "4"]
[White "jlgonzalvez"]
[Black "guzanito"]
[Result "1-0"]
[WhiteElo "2316"]
[BlackElo "2172"]

1. e4 e5 2. Nf3 Nc6 3. Bb5 a6 4. Ba4 Nf6 5. Qe2 b5 6. Bb3 Bc5 7. d3 d6 8. c3 O-O
9. Bg5 Bg4 10. Nbd2 h6 11. Bh4 Bb6 12. h3 Bh5 13. Bd5 Qd7 14. Bxf6 gxf6 15. g4
Bg6 16. Nh4 Kh7 17. Nf1 Ra7 18. Bxc6 Qxc6 19. Ng3 d5 20. Nhf5 dxe4 21. O-O-O b4
22. Qxe4 Qxe4 23. Nxe4 Bxf5 24. gxf5 bxc3 25. bxc3 Kh8 26. Kc2 Rg8 27. Rhg1 Raa8
28. Rb1 Rxg1 29. Rxg1 Rd8 30. Rg2 Rg8 31. Rxg8+ Kxg8 32. Nxf6+ Kg7 33. Nd7 Bxf2
34. Nxe5 h5 35. Nd7 a5 36. a4 Kh6 37. Nf6 Ba7 38. Ne4 Bb6 39. d4 c6 40. Kd3 Kg7
41. Nd6 Kf6 42. Ke4 Bd8 43. Nc4 Kg5 44. Ne5 1-0

[Event "Chuzete"]
[Site "http://www.queenalice.com/game.php?id=567729"]
[Date "2009.4.6"]
[Round "1"]
[White "Diemerlin"]
[Black "jlgonzalvez"]
[Result "0-1"]
[WhiteElo "2170"]
[BlackElo "2337"]

1. c4 Nf6 2. Nc3 g6 3. g3 Bg7 4. Bg2 O-O 5. e4 d6 6. Nge2 e5 7. d3 Be6 8. O-O c6
9. f4 Qb6+ 10. Kh1 Ng4 11. Qe1 Ne3 12. Bxe3 Qxe3 13. f5 Bc8 14. Rf3 Qg5 15. h4
Qh5 16. Qf1 Nd7 17. Bh3 Nf6 18. Qf2 Rd8 19. Rg1 Ng4 20. Bxg4 Qxg4 21. Kh2 Bh6
22. Rf1 gxf5 23. exf5 b6 24. Ne4 Bg7 25. f6 Bh6 26. Qg2 d5 27. Nf2 Qh5 28. cxd5
cxd5 29. g4 Qxh4+ 30. Kg1 Qg5 31. Qh2 Bf8 32. Rh3 h6 33. Rh5 Qxf6 34. Ne4 Qg6
35. g5 dxe4 0-1

[Event "art"]
[Site "http://www.queenalice.com/game.php?id=586296"]
[Date "2009.5.10"]
[Round "1"]
[White "raszytko"]
[Black "jlgonzalvez"]
[Result "1/2-1/2"]
[WhiteElo "2378"]
[BlackElo "2355"]

1. d4 Nf6 2. c4 c5 3. d5 b5 4. cxb5 a6 5. bxa6 Bxa6 6. Nc3 g6 7. g3 d6 8. Bg2
Bg7 9. Nf3 Nfd7 10. O-O Nb6 11. Qc2 N8d7 12. Rd1 O-O 13. Bf4 Qc7 14. Nd2 Qb7 15.
b3 h6 16. Ndb1 Rfe8 17. Bc1 Rab8 18. Be3 h5 19. Bf4 Bd4 20. Kh1 Bg7 21. Bg5 Na8
22. Qd2 Nc7 23. Bh6 Bh8 24. Qc2 Nb5 25. e3 Rec8 26. Bh3 c4 27. b4 Nxc3 28. Nxc3
Qxb4 29. Bxd7 Qxc3 30. Qxc3 Bxc3 31. Bxc8 Bxc8 32. Rab1 Bb2 33. e4 c3 34. Rd3 c2
35. Re1 Kh7 36. Bd2 Ra8 37. a3 Rb8 38. Kg2 Bd7 39. f4 Bb5 40. Rf3 Rb7 41. Bc1
Bd4 42. f5 Bc4 43. fxg6+ Kxg6 44. g4 hxg4 45. Rf4 1/2-1/2

[Event "QA-ANNIV-05"]
[Site "http://www.queenalice.com/game.php?id=604272"]
[Date "2009.6.15"]
[Round "1"]
[White "MAUAXADREZ"]
[Black "jlgonzalvez"]
[Result "0-1"]
[WhiteElo "1605"]
[BlackElo "2315"]

1. e4 c6 2. Nc3 d5 3. d4 dxe4 4. Nxe4 Nd7 5. Nf3 Ngf6 6. Bd3 Nxe4 7. Bxe4 Nf6 8.
Nd2 Nxe4 9. Nxe4 Bf5 10. Qf3 Qd5 11. Qc3 Qxe4+ 12. Kf1 Qxc2 13. Qxc2 Bxc2 14.
Be3 g6 15. Rc1 Bd3+ 16. Ke1 Bg7 17. Rc3 Be4 18. f3 Bd5 19. b3 O-O 20. Ke2 e5 21.
Rd3 e4 22. fxe4 Bxe4 23. Rd2 Bxg2 24. Rg1 Bd5 25. Rg4 Rfe8 26. Rd3 Bh6 27. Kd2
Rxe3 28. Rxe3 Re8 29. Kd3 Rxe3+ 30. Kc2 Be4+ 0-1

[Event "QA-ANNIV-05"]
[Site "http://www.queenalice.com/game.php?id=654472"]
[Date "2009.9.18"]
[Round "2"]
[White "jlgonzalvez"]
[Black "Dinho"]
[Result "1-0"]
[WhiteElo "2324"]
[BlackElo "1770"]

1. e4 g6 2. d4 Nf6 3. e5 Nh5 4. g4 Ng7 5. Bh6 e6 6. Qd2 Nc6 7. Nc3 d6 8. Nf3
dxe5 9. dxe5 Qxd2+ 10. Kxd2 Bd7 11. Rd1 O-O-O 12. Kc1 Rg8 13. Ne4 Ne8 14. Bg5
Be7 15. Bxe7 Nxe7 16. Nfg5 Rg7 17. Bg2 h6 18. Nc5 hxg5 19. Bxb7+ Kb8 20. Rd3 Nc8
21. Rxd7 Rxd7 22. Bc6 Rd4 23. Na6# 1-0

[Event "Cto Spain QAlice"]
[Site "http://www.queenalice.com/game.php?id=663664"]
[Date "2009.10.6"]
[Round "5"]
[White "crubiov"]
[Black "jlgonzalvez"]
[Result "1/2-1/2"]
[WhiteElo "2573"]
[BlackElo "2357"]

1. e4 c6 2. d4 d5 3. e5 c5 4. dxc5 e6 5. Nf3 Bxc5 6. Bd3 Nc6 7. O-O f6 8. Qe2
fxe5 9. Nxe5 Nxe5 10. Qxe5 Nf6 11. Be3 Bd6 12. Qg5 O-O 13. f4 Qc7 14. Nc3 Bd7
15. Rae1 Bc5 16. Bxc5 Qxc5+ 17. Kh1 Rac8 18. Qe5 Ng4 19. Qe2 Nh6 20. Nd1 Qd6 21.
Qe3 Nf5 22. Qe2 Ne7 23. g3 Nf5 24. c3 d4 25. Kg1 Rcd8 26. c4 g6 27. Qe5 Qxe5 28.
Rxe5 Kg7 29. Rfe1 b6 30. Nf2 Ne3 31. b4 Rf7 32. h3 Rc8 33. Re4 e5 34. fxe5 Rf3
35. Rxd4 Rxg3+ 36. Kh2 Rg2+ 37. Kh1 Bc6 38. b5 Ba8 39. Rd7+ Kh6 40. Rxe3 Rxf2+
41. Kg1 Rcf8 42. Rd5 Bxd5 43. cxd5 R2f3 44. Rxf3 Rxf3 45. e6 Kg7 46. Bc4 Kf8 47.
d6 Rf5 48. Bb3 Ke8 49. Kg2 h5 50. h4 Kd8 51. a3 Ke8 1/2-1/2

[Event "Chuzete"]
[Site "http://www.queenalice.com/game.php?id=694933"]
[Date "2009.12.8"]
[Round "2"]
[White "jlgonzalvez"]
[Black "jhonystrike"]
[Result "1-0"]
[WhiteElo "2365"]
[BlackElo "2211"]

1. e4 Nf6 2. e5 Nd5 3. d4 d6 4. Nf3 dxe5 5. Nxe5 c6 6. Be2 Bf5 7. g4 Be6 8. c4
Nb6 9. b3 f6 10. Nd3 Qxd4 11. Bb2 Qd8 12. Qd2 Qc7 13. Qe3 Bf7 14. Nd2 Na6 15.
O-O-O O-O-O 16. Ne4 e6 17. g5 Nd5 18. cxd5 cxd5+ 19. Kb1 dxe4 20. Rc1 exd3 21.
Rxc7+ Nxc7 22. Bf3 fxg5 23. Qxa7 1-0

[Event "art"]
[Site "http://www.queenalice.com/game.php?id=712949"]
[Date "2010.1.13"]
[Round "2"]
[White "jlgonzalvez"]
[Black "agmac"]
[Result "1-0"]
[WhiteElo "2363"]
[BlackElo "2324"]

1. e4 e5 2. Nf3 Nc6 3. Bb5 a6 4. Ba4 Nf6 5. Qe2 b5 6. Bb3 Bc5 7. d3 d6 8. c3 h6
9. O-O O-O 10. Be3 Bxe3 11. fxe3 Na5 12. Nbd2 Qe7 13. Bc2 c5 14. Nh4 Nxe4 15.
Nxe4 Qxh4 16. Nxd6 Bg4 17. Qf2 Qxf2+ 18. Rxf2 Be6 19. Ne4 Rac8 20. a4 b4 21.
Nxc5 Rxc5 22. cxb4 Rd5 23. bxa5 Rb8 24. b3 Rxa5 25. Rd2 Rc5 26. d4 Rc3 27. dxe5
a5 28. Kf2 Kf8 29. Bd1 Ke7 30. Rd4 Rc5 31. Rb1 Rxe5 32. b4 axb4 33. Rdxb4 Rf5+
34. Bf3 Rxb4 35. Rxb4 Rc5 36. Bd1 Rc1 37. Bb3 Rb1 38. Rb7+ Kd6 39. Bd5 Rxb7 40.
Bxb7 Kc7 41. Ba6 Kb6 42. Bb5 Bd5 43. Kg3 Kc5 44. Be8 Kb4 45. Kf4 Bxg2 46. Ke5
Bf3 47. Bxf7 Kxa4 48. Bd5 Bg4 49. Kd6 Kb4 50. e4 Kc3 51. e5 Kd4 52. e6 Bxe6 53.
Kxe6 g5 54. Bf3 Ke3 55. Bg4 Kf4 56. h3 Kg3 57. Kf5 1-0

[Event "Chuzete"]
[Site "http://www.queenalice.com/game.php?id=779365"]
[Date "2010.5.22"]
[Round "3"]
[White "Pinone"]
[Black "jlgonzalvez"]
[Result "1/2-1/2"]
[WhiteElo "2451"]
[BlackElo "2374"]

1. d4 Nf6 2. Nf3 g6 3. c4 c5 4. Nc3 cxd4 5. Nxd4 d5 6. cxd5 Nxd5 7. Ndb5 Nxc3 8.
Qxd8+ Kxd8 9. bxc3 a6 10. Nd4 e5 11. Nc2 Be6 12. g3 Bd5 13. Bg5+ Kc7 14. f3 Nd7
15. e4 Be6 16. h4 f5 17. Bh3 Re8 18. O-O h6 19. Be3 fxe4 20. Bxe6 Rxe6 21. fxe4
g5 22. hxg5 hxg5 23. Rad1 1/2-1/2

[Event "QA-ANNIV-05"]
[Site "http://www.queenalice.com/game.php?id=793775"]
[Date "2010.6.23"]
[Round "5"]
[White "wilfried"]
[Black "jlgonzalvez"]
[Result "1-0"]
[WhiteElo "2274"]
[BlackElo "2372"]

1. d4 Nf6 2. c4 c5 3. d5 b5 4. cxb5 a6 5. bxa6 Bxa6 6. g3 d6 7. Nc3 g6 8. Nf3
Bg7 9. e4 Bxf1 10. Kxf1 O-O 11. Kg2 Nbd7 12. a4 Qb6 13. Qe2 Rfb8 14. Nb5 Ne8 15.
Bg5 Rb7 16. Ra3 h6 17. Be3 Qa5 18. Rb1 Nc7 19. Nxc7 Qxc7 20. Qc2 Rab8 21. b3 Qa5
22. Bd2 Qa6 23. Rd1 1-0

[Event "art"]
[Site "http://www.queenalice.com/game.php?id=860433"]
[Date "2010.11.18"]
[Round "3"]
[White "ChessXtreme"]
[Black "jlgonzalvez"]
[Result "0-1"]
[WhiteElo "2349"]
[BlackElo "2378"]

1. d4 d5 2. c4 c6 3. Nf3 Nf6 4. Nc3 e6 5. Bg5 h6 6. Bxf6 Qxf6 7. Qb3 a5 8. e3
Nd7 9. Bd3 Bd6 10. e4 dxc4 11. Bxc4 e5 12. dxe5 Nxe5 13. Nxe5 Bxe5 14. O-O a4
15. Qc2 b5 16. Nxb5 cxb5 17. Bxb5+ Ke7 18. Bxa4 Be6 19. Rad1 Rhc8 0-1

[Event "Pinone"]
[Site "http://www.queenalice.com/game.php?id=903619"]
[Date "2011.2.21"]
[Round "1"]
[White "jlgonzalvez"]
[Black "pedrolopez"]
[Result "1/2-1/2"]
[WhiteElo "2376"]
[BlackElo "2448"]

1. e4 e6 2. d4 d5 3. Bd3 Nf6 4. e5 Nfd7 5. Nf3 c5 6. c3 Nc6 7. O-O Be7 8. Bc2 f6
9. exf6 Nxf6 10. Qe2 O-O 11. Re1 Bd7 12. Be3 Qe8 13. Nbd2 cxd4 14. Nxd4 Qf7 15.
N2f3 Qh5 16. Nxc6 bxc6 17. Bd4 c5 18. Be5 a5 19. h3 a4 20. b3 Ra7 21. c4 Re8 22.
Rad1 axb3 23. axb3 Bf8 24. Qe3 d4 25. Nxd4 cxd4 26. Bxd4 Ra2 27. Bb1 e5 28. Bxa2
exd4 29. Qxd4 Bc5 30. Rxe8+ Bxe8 31. Qd3 Bc6 32. Qd8+ Ne8 33. Bb1 Qe5 1/2-1/2

[Event "Pinone"]
[Site "http://www.queenalice.com/game.php?id=928696"]
[Date "2011.4.21"]
[Round "2"]
[White "AndyWo"]
[Black "jlgonzalvez"]
[Result "1/2-1/2"]
[WhiteElo "2619"]
[BlackElo "2389"]

1. e4 d5 2. exd5 Qxd5 3. Nc3 Qd6 4. d4 Nf6 5. Nf3 c6 6. Ne5 Nbd7 7. Nc4 Qc7 8.
Qf3 Nb6 9. Bf4 Qd7 10. O-O-O Qg4 11. Qxg4 Bxg4 12. f3 Be6 13. b3 Nbd5 14. Nxd5
Nxd5 15. Bd2 g6 16. Re1 Bg7 17. Ne5 Nc7 18. h4 O-O-O 19. c3 c5 20. dxc5 Rd5 21.
f4 Rhd8 22. Be3 Bxe5 23. c4 Rd4 24. fxe5 Re4 25. g3 Rxe5 26. Bg2 Na6 27. c6 bxc6
28. Bxa7 Rxe1+ 29. Rxe1 Rd7 30. Bg1 Nb4 31. Be4 Nxa2+ 32. Kb2 Nb4 33. Ra1 f5 34.
Bh1 c5 35. Ra8+ Kc7 36. Be3 Rd6 37. Ra7+ Kd8 38. Ra8+ Kc7 39. Ra7+ Kd8 40. Ra8+
1/2-1/2

[Event "Pinone"]
[Site "http://www.queenalice.com/game.php?id=972975"]
[Date "2011.8.15"]
[Round "4"]
[White "amarkin"]
[Black "jlgonzalvez"]
[Result "1-0"]
[WhiteElo "2550"]
[BlackElo "2408"]

1. e4 d5 2. exd5 Qxd5 3. Nc3 Qd6 4. Bc4 Be6 5. Nb5 Qd7 6. Bxe6 Qxe6+ 7. Qe2
Qxe2+ 8. Kxe2 Na6 9. a3 c6 10. Nc3 Nc7 11. h4 Nf6 12. Nf3 g6 13. d4 Bg7 14. Be3
Rd8 15. Rad1 O-O 16. Rhe1 Rfe8 17. Ne5 Nd7 18. Nc4 1-0